00380 2200145 4500001002100000005001500021035002000036245008100056100001600137300001200153260003500165082000800200084001400208990001200222INLIS00000000000192220250521014610 a0010-05250002141 aSecangkir Kopi Segunung Pahala ( Amalan Ringan Pahala Besar ) /cLely Suraya0 aLely Suraya a234 hlm aJakarta :bQultum Media,c2004 a200 a200 LEL s a0713441